Przełomowy wynalazek z pola medycyny dla ratowania naszego życia - Statystyki

Ogólne statystyki
  • Ten quiz został rozwiązany 4 razy
  • Średni wynik to 3 z 6
Statystyki odpowiedzi
Hint Odpowiedź % Poprawnych
3. EKG
75%
1. antybiotyki
50%
2. szczepionki
50%
4. tomograf
50%
5. rentgen
25%
6. implanty
0%
Nie znaleziono quizów pasujących do podanych kryteriów
Rozkład punktacji
Procent ludzi z każdym wynikiem
Percentyl według liczby udzielonych odpowiedzi
Twoja historia wyników
Nie rozwiązałeś tego quizu